000 00736 a2200229 4500
999 _c8064
_d8064
020 _a9780822348917
020 _a9780822349143
050 0 0 _aML420 MUL 2011
100 1 _aMuller, Carol Ann.
_eauthor
245 1 0 _aMusical echoes :
_bSouth African women thinking in jazz /
_cCarol Ann Muller & Sathima Bea Benjamin.
264 _aLondon :
_bDuke University Press,
_c2011.
300 _ax, 348 p. :
_bill. ;
440 _aRefiguring American music series
500 _aIncludes index
504 _aIncludes bibliographical references (p. [325]-336)
650 0 _aJazz singers
650 0 _aWomen jazz musicians
650 0 _aJazz
700 1 _aBenjamin, Sathima Bea.
_eauthor
942 _2lcc
_cBK
_h420
_iMUL
_kML